000 00451cam a22001337a 4500
008 180718b2000 xxu||||| |||| 00| 0 eng d
082 _aQ39 Sh23
100 _aSharma, Vinod K.
245 _aIndia: IDNDR and beyond
_cby Vinod K.Sharma...[et.al.]
260 _aNew Delhi
_bIndian Administration of Public Administration
_c2000
300 _a91p.
650 _aInternational Decade for Natural Disaster Reduction(1990-2000)
650 _aNatural disasters
999 _c492143
_d492143